Orientación educativa del niño
Gespeichert in:
| Hauptverfasser: | , |
|---|---|
| Format: | Buch |
| Sprache: | Spanisch |
| Veröffentlicht: |
Madrid
Narcea
1981
|
| Schriftenreihe: | Educación hoy
|
| Schlagworte: | |
| Tags: |
Tag hinzufügen
Keine Tags, Fügen Sie den ersten Tag hinzu!
|
MARC
| LEADER | 00000nam a2200000 a 4500 | ||
|---|---|---|---|
| 001 | UCZ0522 | ||
| 003 | CL-VaPUC | ||
| 008 | 950728e19810000SP |||||||||||||||||spa|d | ||
| 082 | 0 | 4 | |a 371.4 |b ITU |2 21 |
| 100 | |a Iturbe, Teresa |e author |9 343445 | ||
| 700 | 0 | |a De Nardo, A. Rita |e author |9 343443 | |
| 245 | 1 | 0 | |a Orientación educativa del niño |
| 300 | |a 151 p | ||
| 942 | |c BK | ||
| 945 | |d 19950728 00:00:00 |a cmena | ||
| 260 | |a Madrid |b Narcea |c 1981 | ||
| 650 | 7 | |a ORIENTACION EDUCACIONAL |2 CL-VaPUC |9 312512 | |
| 650 | 0 | |a Niños |9 255605 | |
| 650 | 7 | |a PERSONAL DE ORIENTACION EDUCACIONAL |2 CL-VaPUC |9 343444 | |
| 650 | 0 | |a Alumnos |9 335074 | |
| 650 | 0 | |a Planificación de la educación |9 307333 | |
| 583 | |a last modification |c 19950728 00:00:00 |k Rodrigo Vera | ||
| 490 | 0 | |a Educación hoy | |
| 999 | |c 237442 |d 237440 | ||
| 952 | |0 0 |1 0 |4 0 |6 371_400000000000000_ITU_1981 |7 0 |8 P |9 246517 |a BIBEDU |b BIBEDU |c BIBEDU_PB |d 2019-11-18 |i 1544853 |o 371.4 ITU 1981 |p 1544853 |r 2024-01-25 |w 2019-11-18 |y BK |k EDU | ||